Statistiques concernant Mots de la langue française terminés par "lote"

Cliquez ici pour prendre le quiz!

Statistiques générales

  • Ce quiz a été pris 125 fois
  • Le résultat moyen est 7 sur 12

Statistiques - réponses

IndiceMot% Correct
jeu de cartesbelote
98%
poissonlote
85%
amusante (familier)rigolote
78%
ballepelote
68%
conducteurpilote
68%
pacotillecamelote
61%
bavardage inutileparlote
58%
plante potagèreéchalote
44%
esclaveilote
42%
préparation culinairematelote
29%
huttepaillote
28%
insignifiantefalote
11%

Distribution des résultats

Percentile par nombre de réponses

% des personnes avec chaque résultat

Votre développement - résultats

Vous n’avez pas pris ce quiz